Click the Dinosaur Silhouettes - Statistics

General Stats
  • This quiz has been taken 1,891 times
  • The average score is 11 of 14
Answers on the Map
Answers color-coded by a green-red scale on the quiz's map according to % correct below.
 
Answer Stats
Answer % Correct
Tyrannosaurus Rex
97%
Triceratops
96%
Stegosaurus
90%
Spinosaurus
84%
Pachycephalosaurus
80%
Brachiosaurus
76%
Therizinosaurus
74%
Ankylosaurus
73%
Carnotaurus
73%
Diplodocus
70%
Parasaurolophus
70%
Dilophosaurus
65%
Iguanodon
59%
Velociraptor
59%
No matching quizzes found
Score Distribution
Percent of People with Each Score
Percentile by Number Answered
Your Score History
You have not taken this quiz